000 00790nam a22002773u 4500
001 DHIM2026021908550057
003 RU-10907106
005 20260219090655.0
007 tu
008 260219s2020 ru ||| ||| 000 0 rus d
020 _9978-5-85271-741-2
_a9785852717412
040 _aRU-10907106
_bger
_cRU-10907106
041 _arus
100 1 _4aut
_aStark, Sergej
_968525
245 0 _aOl'ginka 1864-1991
_bTajnaja istorija
264 1 _aSankt-Peterburg
_bDom pečati - vjatka
_c2020
300 _a336 Seiten
336 _2rdacontent
_aText
_btxt
337 _2rdamedia
_aOhne Hilfsmittel zu benutzen
_bn
338 _2rdacarrier
_aBand
_bnc
650 _aAlltagsgeschichte
_924919
651 _aOlginka,
_968526
651 _aKaukasus
651 _aRussland
942 _2z
_cMG
999 _c73760
_d73760